| 000 | 01029cam a2200301 i 4500 | ||
|---|---|---|---|
| 001 | bg | ||
| 003 | KOSZ 005 | ||
| 005 | 20200624093128.0 | ||
| 008 | 990506s1984 pl f f |000 0 pol | ||
| 015 | _aPB 1984/9699 | ||
| 020 | _a8321332285 | ||
| 040 |
_aWA N _cKOSZ 005/HR _dKOSZ 005/HR |
||
| 080 | _a69:631.2 | ||
| 080 | _a(083.1) | ||
| 100 | 1 |
_aSkórski, Aleksander _d(budownictwo) _eAutor |
|
| 245 | 1 | 0 |
_aBudowa i modernizacja budynków w zagrodzie : _b[poradnik] / _cAleksander Skórski, Klementyna Roszkowska, Andrzej Gzell. |
| 260 |
_aWarszawa : _b"Arkady", _c1984. |
||
| 300 |
_a198, [2] s. ; _c30 cm. |
||
| 490 | 1 | _aBudownictwo Rolnicze. | |
| 650 | 4 | _aBudownictwo wiejskie | |
| 655 | 4 | _aPoradnik | |
| 700 | 1 | _aGzell, Andrzej. | |
| 710 | 2 |
_aWydawnictwo "Arkady". _4pbl. |
|
| 700 | 1 | _aRoszkowska, Klementyna | |
| 856 |
_uhttp://koha.tu.koszalin.pl/cgi-bin/koha/opac-detail.pl?biblionumber=2489 _yKatalog online BPK |
||
| 830 | 0 | _aBudownictwo Rolnicze | |
| 942 |
_2UKD _cKS |
||
| 999 |
_c2489 _d2489 |
||